000 01312naa a22002537a 4500
001 BR8403297
003 BR-BrBNA
005 20240918175432.0
007 ta
008 230509b bl.||||| |||| 00| 0 por d
040 _aBR-BrBNA
_bpor
_cBiblioteca Nacional de Agricultura
041 _a(Pt)
072 _aE50
090 _aE50 BR8403297
100 1 _aMartine, G.
111 1 _a22. Congresso Brasileiro de Economia e Sociologia Rural
_cSalvador, BA (Brazil)
_d30 Jul-3 Aug 1984
245 1 _aTransformacoes recentes na agricultura e suas implicacoes sociais [sociologia rural]
260 3 _aBrasilia, DF (Brasil):
_c1984.
500 _aVeiga, A.; Contini, E.; Hoyos, L.E.A.; Hoeflich, V.A. (eds.) Anais do 22. Congresso Brasileiro de Economia e Sociologia Rural. Agricultura - Rumos e ajustamentos, v. 2 - Grupos de discussao Brasilia, DF (Brasil): 1984. p. 69-98 (BR8403297-AM)E50
650 _aSOCIOLOGIA RURAL
773 0 _tAnais do 22. Congresso Brasileiro de Economia e Sociologia Rural. Agricultura - Rumos e ajustamentos, v. 2 - Grupos de discussao
_aVeiga, A.; Contini, E.; Hoyos, L.E.A.; Hoeflich, V.A. (eds.). Sociedade Brasileira de Economia Rural, Brasilia, DF (Brasil)
_wE50 BR8403297
_gBrasilia, DF (Brasil), 1984. p. 69-98
909 _a202404
_bLucia
_c55
_dLucia Elande
942 _cAM
_2AGRIS
999 _c316703
_d316703